000 00317nam a2200133 i 4500
001 bg
100 1 _aSZYMOŃSKI, Jerzy
245 0 _aInstrumentoznawstwo geodezyjne /
_cJerzy Szymoński.
260 _aWarszawa,
_c1964.
040 _cBPK
041 _apol
942 _cKS
008 s pl f |000 0 pol
999 _c47123
_d47123
856 _uhttp://koha.tu.koszalin.pl/cgi-bin/koha/opac-detail.pl?biblionumber=47123
_yKatalog online BPK